雪國

資料類型: Book 圖書   書目號:27585

Leader xxxxxxxxxx
001 __ 84145969
005 __ 19960206175824.0
008 __                                    chi  
010 0_ |a957-8936-55-9|b平裝|dNT﹩150
100 __ |a19951014d1995    m  y0chiy0109    e.
101 1_ |achi.
102 __ |acw.
105 __ |ay   z   000ad.
200 1_ |a雪國|e|f川端康成著|g林水福導讀|g石榴紅文字工作坊譯.
205 __ |a初版.
210 __ |a臺北市|c花田出版|a臺北縣新店市|c啟現總經銷|d民84[1995]
215 0_ |a178面|c|d21公分.
225 2_ |a日本經典文學大系|v50.
260 1_ |a1995.
320 __ |a附錄:川端康成年譜.
410 _1 |12001 |a日本經典文學大系|v50.
681 __ |a861.57|b2005.
700 _1 |a川端|b康成|4著.
702 _1 |a|b水福|4導讀.
712 02 |a石榴紅文字工作坊|4譯.
801 _0 |acw|bPTL|c19951014.
801 _1 |acw|b鎧鈺|c19951014.
詳細館藏(共 1 筆)
索 書 號登 錄 號冊次號館別 / 館藏地流通類型狀態加入預約清單電子資源
861.57 / 8746 2011215  圖書館 / 一樓普通區 可外借30天 在館   

| 條列資料




目錄查詢 分類查詢 個人資料 圖書薦購 新書查詢 閉館日 排行榜 更多電子資源 Hami書城 線上資料庫 登出

From : 216.73.216.116

  本日流通累計至 09:08:00 借閱 : 3 次 續借 : 0 次 歸還 : 5 次 預約 : 0 次 電子資源 : 0 次


內湖高中圖書館  PCLIS 版本  25.5.0.2